Vynálezy a zlepšovacie návrhy v oblasti bezpečnosti a hygieny pri práci zborník prednášok : Štrbské Pleso hotel Patria 15.-16.10.1985

Saved in:
Bibliographic Details
Format: Book
Language:Slovak
Published: Žilina Dom techniky ČSVTS 1985
Edition:1. vyd.
Tags: Add Tag
No Tags, Be the first to tag this record!

MARC

LEADER 00000nam a2200000 4500
001 c104165
005 20221220082458.4
041 0 |a slo 
044 |a SK 
245 1 0 |a Vynálezy a zlepšovacie návrhy v oblasti bezpečnosti a hygieny pri práci  |b zborník prednášok : Štrbské Pleso hotel Patria 15.-16.10.1985 
250 |a 1. vyd. 
264 1 |a Žilina  |b Dom techniky ČSVTS  |c 1985 
300 |a 104 s.